000 00524nam a2200181Ia 4500
005 20250326143222.0
008 250326s9999 xx 000 0 und d
037 _aTextbook
040 _aFMSL
_beng
_cFMSL
041 _aeng
_2eng
084 _aX:74obD658(2:55) P3
_qFMSL
100 _aPerks C
_9747640
245 0 _aGuide to enterprise IT Architecture
_cPerks C; Beveridge T
260 _aN
_bN, Y Springer
_c2003
300 _a447p
942 _cTB
_hX:74obD658(2:55) P3
999 _c1298647
_d1298647